000 nam a22 4500
999 _c9308
_d9308
008 180430b ||||| |||| 00| 0 eng d
245 _aChina warns of new ransomware virus.
260 _aPhilippines:
_bManila Bulletin,
_cc2017.
300 _apage 11.
650 0 _927686
_aComputer software.
942 _2ddc
_cPER